Культурное наследие и традиционные знания коренных народов как уникальные экосистемы мира: защита и развитие (на примере Алтае-Саянского региона) (Запись № 4669583)

Подробности
000 -МАРКЕР
контрольное поле 02496nam0a2200409 i 4500
001 - ИДЕНТИФИКАТОР ЗАПИСИ
контрольное поле RU\NLR\bibl\2070888
005 - ИДЕНТИФИКАТОР ВЕРСИИ
контрольное поле 20260408105732.0
010 ## - МЕЖДУНАРОДНЫЙ СТАНДАРТНЫЙ НОМЕР КНИГИ (ISBN)
Номер (ISBN) 9785979305776
Тираж 100
021 ## - НОМЕР ГОСУДАРСТВЕННОЙ РЕГИСТРАЦИИ
Код страны российская федерация
Номер 2013-61366
Номер Листа государственной регистраци 4211
035 ## - ДРУГИЕ СИСТЕМНЫЕ НОМЕРА
Идентификатор записи (nilc)RuMoRGB-006625703
035 ## - ДРУГИЕ СИСТЕМНЫЕ НОМЕРА
Идентификатор записи (NLR Aleph) 002057202
100 ## - ДАННЫЕ ОБЩЕЙ ОБРАБОТКИ
Данные общей обработки 20130805d2013 k y0rusy50 ca
101 0# - ЯЗЫК РЕСУРСА
Язык текста, звукозаписи и т.д. русский
Язык резюме английский
102 ## - СТРАНА ПУБЛИКАЦИИ ИЛИ ПРОИЗВОДСТВА
Страна публикации российская федерация
105 ## - ПОЛЕ КОДИРОВАННЫХ ДАННЫХ: ТЕКСТОВЫЕ МАТЕРИАЛЫ, МОНОГРАФИЧЕСКИЕ
Кодированные данные о монографическом текстовом документе y zzzz|||||
200 1# - ЗАГЛАВИЕ И СВЕДЕНИЯ ОБ ОТВЕТСТВЕННОСТИ
Основное заглавие Культурное наследие и традиционные знания коренных народов как уникальные экосистемы мира: защита и развитие (на примере Алтае-Саянского региона)
Сведения, относящиеся к заглавию материалы научно-практической конференции, посвященной памяти ламы-гелонга Данзан-Хайбзуна Самаева III Самаевские чтения
210 ## - ПУБЛИКАЦИЯ, РАСПРОСТРАНЕНИЕ И ДР.
Место издания, распространения и т.д. Улан-Удэ
Имя издателя, распространителя и т. д. Изд-во БГУ
Дата издания, распространения и т.д. 2013
215 ## - ФИЗИЧЕСКАЯ ХАРАКТЕРИСТИКА
Специфическое обозначение материала и объем 195 с., [4] л. цв. фотографий
Другие сведения о физической характеристике табл.
Размеры 25
300 ## - ОБЩИЕ ПРИМЕЧАНИЯ
Текст примечания В надзаг.: Администрация муниципального образования "Окинский р-н", Централизованная религиозная буддийская орг. "Майдар", Региональный общественный фонд им. Данзан-Хайбзуна Самаева, Бурятский гос. ун-т
300 ## - ОБЩИЕ ПРИМЕЧАНИЯ
Текст примечания Рез. на англ. яз.
320 ## - ПРИМЕЧАНИЯ О НАЛИЧИИ В ДОКУМЕНТЕ БИБЛИОГРАФИИ / УКАЗАТЕЛЯ
Текст примечания Библиогр. в конце докл.
606 1# - НАИМЕНОВАНИЕ ТЕМЫ КАК ПРЕДМЕТ
Наименование темы Религия
Географический подзаголовок Байкальский регион
Хронологический подзаголовок 20 - 21 вв.
Системный номер авторитетной/нормативной записи 2439781
Идентификатор авторитетной/нормативной записи RU\NLR\auth\661451523
607 ## - ГЕОГРАФИЧЕСКОЕ НАИМЕНОВАНИЕ КАК ПРЕДМЕТ
Географическое наименование Байкальский регион
Формальный подзаголовок Сборники
Тематический подзаголовок Историко-этнографические исследования
Системный номер авторитетной/нормативной записи 2095403
Идентификатор авторитетной/нормативной записи RU\NLR\auth\661571409
686 ## - ИНДЕКСЫ ДРУГИХ КЛАССИФИКАЦИЙ
Индекс Э239(2Р547)74
686 ## - ИНДЕКСЫ ДРУГИХ КЛАССИФИКАЦИЙ
Индекс Т3(2Р547)я43
702 #1 - ИМЯ ЛИЦА - ВТОРИЧНАЯ ОТВЕТСТВЕННОСТЬ
Начальный элемент ввода Самаев
Часть имени, кроме начального элемента ввода Д. -Х.
Даты 1954-2005
Расширение инициалов личного имени Данзан-Хайбзун
Код отношения Прочие
711 12 - НАИМЕНОВАНИЕ ОРГАНИЗАЦИИ - АЛЬТЕРНАТИВНАЯ ОТВЕТСТВЕННОСТЬ
Начальный элемент ввода Самаевские чтения
Порядковый номер временной организации и / или порядковый номер ее части 3
Дата проведения временной организации 2011
Место проведения временной организации с. Орлик, Республика Бурятия
Идентификатор авторитетной/нормативной записи RU\NLR\AUTH\8810245928
Системный номер авторитетной/нормативной записи 377711
801 #0 - ИСТОЧНИК ЗАПИСИ
Страна российская федерация
Организация RuMoRKP
Дата составления 20130805
Правила каталогизации RCR
801 #2 - ИСТОЧНИК ЗАПИСИ
Страна российская федерация
Организация РГБ
Дата составления 20130823
Правила каталогизации rcr
801 #1 - ИСТОЧНИК ЗАПИСИ
Страна российская федерация
Организация RuMoRKP
Дата составления 20130805
Источник данных rusmarc
801 #2 - ИСТОЧНИК ЗАПИСИ
Страна российская федерация
Организация NLR
Дата составления 20130911
Правила каталогизации rcr
942 ## - ДОПОЛНИТЕЛЬНЫЕ ЭЛЕМЕНТЫ ЗАПИСИ (АБИС)
Тип экземпляра АБИС Книга
980 ## - КОЛЛЕКЦИЯ
Название коллекции НБР

Нет доступных экземпляров.